Aspectos jurídicos da licitação / (Record no. 1154)

MARC details
000 -LÍDER
Campo Fixo de Controle 00964nam a2200289 a 4500
001 - NÚMERO DE CONTROLE
Campo de Controle 1154
003 - IDENTIFICAÇÃO DO NÚMERO DE CONTROLE
Campo de Controle BR-CuiBMT
005 - DATA E HORA DA ÚLTIMA ATUALIZAÇÃO
Campo de Controle 20231213122951.0
008 - DADOS FIXOS
Dados Fixos 231127s2006 spb 001 0 por d
020 ## - INTERNATIONAL STANDARD BOOK NUMBER
Nº do ISBN 8502055720
040 ## - AGÊNCIA CATALOGADORA
Código da Agência Catalogadora BR-CuiBMT
Agência que transcreveu o registro BR-CuiBMT
080 ## - Nº DA CLASSIFICAÇÃO DECIMAL UNIVERSAL
Nº Class. CDU 351.712.2.033
Nº edição CDU 2007
090 ## - NÚMERO DE CHAMADA
Nº classificação 351.712.2.033
Cutter D144a
Ano/Edição 7. ed.
100 1# - ENTRADA PRINCIPAL -- AUTOR PESSOAL
Nome pessoal Dallari, Adilson Abreu
245 10 - TÍTULO PRINCIPAL
Título principal Aspectos jurídicos da licitação /
Indicação de responsabilidade Adilson Abreu Dallari.
250 ## - EDIÇÃO
Edição 7. ed., atual.
260 ## - PUBLICAÇÃO, DISTRIBUIÇÃO, ETC.
Local de publicação São Paulo :
Editora Saraiva,
Data c2006.
300 ## - DESCRIÇÃO FÍSICA
N. páginas ou volumes xiii, 238 p. ;
Dimensões 21 cm
500 ## - NOTAS GERAIS
Notas gerais Edição atualizada de acordo com as Leis n. 11.079/2004 e 11.107/2005.
504 ## - NOTA DE BIBLIOGRAFIA, ETC.
Nota de bibliografia Inclui bibliografia e índice.
590 ## - NOTA LOCAL
Nota local A Biblioteca possui a 2. reimpr. 2007.
650 ## - ASSUNTO TÓPICO
Cabeçalho tópico ou nome geográfico Licitação
Subdivisão geral Dispensa
Subdivisão geográfica Brasil
650 ## - ASSUNTO TÓPICO
Cabeçalho tópico ou nome geográfico Licitações
Subdivisão geral Leis e legislação
Subdivisão geográfica Brasil
650 ## - ASSUNTO TÓPICO
Cabeçalho tópico ou nome geográfico Licitação
Subdivisão geral Natureza jurídica
Subdivisão geográfica Brasil
650 ## - ASSUNTO TÓPICO
Cabeçalho tópico ou nome geográfico Adjudicação
Subdivisão geográfica Brasil
942 ## - ELEMENTOS DE ENTRADA ADICIONAIS (KOHA)
Fonte de classificação ou esquema de arquivamento Classificação Decimal Universal
Tipo de item do Koha Livros
Holdings
Estado: removido Estado: perdido Fonte de classificação ou esquema de arquivamento Estado: danificado Indisponível para empréstimo Localização permanente Localização atual Data de aquisição Total Checkouts Número de Chamada completo Código de barras Date last seen Número do exemplar Preço efetivo a partir de Tipo de item (Koha) Nota pública
    Classificação Decimal Universal     Biblioteca da Escola Superior de Contas do TCE/MT Biblioteca da Escola Superior de Contas do TCE/MT 29/11/2023   351.712.2.033 D144a 7. ed. BIBTCEMT23111349 30/11/2023 Ex. 1 30/11/2023 Livros 2. reimpr. 2007
    Classificação Decimal Universal     Biblioteca da Escola Superior de Contas do TCE/MT Biblioteca da Escola Superior de Contas do TCE/MT 29/11/2023   351.712.2.033 D144a 7. ed. BIBTCEMT23111350 30/11/2023 Ex. 2 30/11/2023 Livros 2. reimpr. 2007

Powered by Koha